| 000 | 00381 a2200157 4500 | ||
|---|---|---|---|
| 003 | Nust | ||
| 005 | 20230201124029.0 | ||
| 040 | _cNust | ||
| 082 | _a940,GRA | ||
| 100 |
_aGraves, Robert _921937 |
||
| 245 |
_aCount Belisarius / _cRobert Graves |
||
| 260 |
_aLondon _bCassel and company _c1938 |
||
| 300 | _a519 | ||
| 650 |
_aCount Belisarius _9108361 |
||
| 942 |
_2ddc _cBK _k940,GRA |
||
| 999 |
_c186984 _d186984 |
||